Time probe: The sciences in science fiction (Record no. 24828)
[ view plain ]
| 000 -LEADER | |
|---|---|
| fixed length control field | 00277nam a2200109Ia 4500 |
| 082 ## - DEWEY DECIMAL CLASSIFICATION NUMBER | |
| Classification number | 82-3 |
| Item number | CLA |
| 245 #0 - TITLE STATEMENT | |
| Title | Time probe: The sciences in science fiction |
| 260 ## - PUBLICATION, DISTRIBUTION, ETC. (IMPRINT) | |
| Place of publication | London |
| Name of publisher | Gollancz |
| Year of publication | 1972 |
| 700 ## - ADDED ENTRY--PERSONAL NAME | |
| Personal name | Arthur C |
| 942 ## - ADDED ENTRY ELEMENTS (KOHA) | |
| Koha item type | Books |
| Withdrawn status | Lost status | Damaged status | Not for loan | Home library | Current library | Date acquired | Full call number | Accession Number | Koha item type |
|---|---|---|---|---|---|---|---|---|---|
| RRII Library | RRII Library | 16/12/2021 | 82-3 CLA | 05498 | Books |